00728nam a2200193 450000500170000001000150001702000270003203500140005903700090007308200200008224500720010225000060017426000550018027000510023530000370028694200310032399900190035495201610037320241007165814.0 aENG-141940 a9788129138002c1600.00 aEN-125492 bDBAD a004.0954871121 aIndia Rising @ SIlicon Valley/cBy Confederation of Indian Industry a1 aNew DelhibRupa Publications India Pvt. Ltd.c2015 a7/16,Ansari Road, DaryaganjbNew Delhie110002 a99p.bIndex,Col. Ill.c30cm(hbk) 2ddccENh004.09548711mIND c206154d206154 001040718NFICaLbLd2024-10-07eDelivery of Books Act Divisiong1600.00l0o004.09548711 INDpEN-125472r2024-10-07 00:00:00t1v1600.00w2024-10-07yEN